[Event "Vancouver Open"]
[Site "Chess.com"]
[Date "2020.07.25"]
[Round "?"]
[White "Moore, Michael"]
[Black "Wan, Bertrand"]
[Result "0-1"]
[WhiteElo "1950"]
[BlackElo "1705"]
[PlyCount "50"]
[EventDate "2020.??.??"]

1. d4 Nf6 2. c4 g6 3. f3 Bg7 4. e4 d6 5. Nc3 O-O 6. Be3 Nbd7 7. Qd2 c6 8. O-O-O
a6 9. h4 b5 10. g4 Qa5 11. h5 b4 12. Nb1 Qxa2 13. Bh6 Bxh6 14. Qxh6 Nb6 15. c5
Nc4 16. Rh2 Na5 17. e5 Nb3+ 18. Kc2 Na1+ 19. Kd3 Qb3+ 20. Ke2 Nxg4 21. fxg4
Bxg4+ 22. Kf2 Qxd1 23. hxg6 fxg6+ 24. Kg3 Rf7 25. cxd6 Qxf1 0-1

[Event "Vancouver Open"]
[Site "Chess.com"]
[Date "2020.07.26"]
[Round "?"]
[White "Morris, Brian"]
[Black "Verma, Darsh"]
[Result "1-0"]
[WhiteElo "1382"]
[BlackElo "840"]
[PlyCount "79"]
[EventDate "2020.??.??"]

1. e4 e5 2. Bc4 Bc5 3. Nf3 Nc6 4. c3 Nf6 5. d4 exd4 6. cxd4 Bb4+ 7. Bd2 Bxd2+
8. Nbxd2 d5 9. exd5 Nxd5 10. O-O O-O 11. Re1 Nb6 12. Bb3 Nxd4 13. Nxd4 Qxd4 14.
Nf3 Qxd1 15. Raxd1 Bg4 16. Rd3 c5 17. Ne5 Rae8 18. Rde3 Be6 19. Nxf7 c4 20. Nd6
Re7 21. Nxc4 Rc7 22. Rxe6 Nxc4 23. Re7 Rxe7 24. Bxc4+ Ref7 25. Re7 Rd8 26. g3
Rdf8 27. Rxb7 g6 28. Rxa7 Kg7 29. Rxf7+ Rxf7 30. Bxf7 Kxf7 31. Kf1 Ke6 32. Ke2
Kd5 33. Kd3 Kc5 34. a3 Kb5 35. b3 h5 36. h4 Ka5 37. f3 Kb5 38. g4 hxg4 39. fxg4
Kc5 40. h5 1-0

[Event "Vancouver Open"]
[Site "Chess.com"]
[Date "2020.07.26"]
[Round "?"]
[White "Mundayat, Abinav"]
[Black "Wu, William"]
[Result "1-0"]
[WhiteElo "2091"]
[BlackElo "1854"]
[PlyCount "71"]
[EventDate "2020.??.??"]

1. e4 e5 2. Nf3 Nc6 3. Bb5 g6 4. O-O Bg7 5. c3 Nge7 6. d4 exd4 7. cxd4 a6 8.
Ba4 b5 9. Bb3 d6 10. Re1 O-O 11. h3 Na5 12. Bc2 c5 13. d5 h6 14. Nc3 Nc4 15.
Bb3 Nb6 16. Bf4 b4 17. Na4 Nxa4 18. Bxa4 g5 19. Bc1 Bb7 20. Rb1 a5 21. h4 gxh4
22. Nxh4 Nxd5 23. Nf5 Nf6 24. Bc2 Ra6 25. Nxh6+ Bxh6 26. Bxh6 Re8 27. Qf3 Kh8
28. Qh3 Bc8 29. Qh4 Nh7 30. Qh5 Re6 31. Bb3 Re5 32. Qxf7 Rg5 33. Bxg5 Nxg5 34.
Qh5+ Kg7 35. Re3 Kf6 36. Rg3 1-0

[Event "Vancouver Open"]
[Site "Chess.com"]
[Date "2020.07.25"]
[Round "?"]
[White "Mundayat, Abinav"]
[Black "Gottumukkala, Anath"]
[Result "1-0"]
[WhiteElo "2091"]
[BlackElo "1785"]
[PlyCount "35"]
[EventDate "2020.??.??"]

1. e4 d6 2. d4 Nf6 3. Nc3 g6 4. f4 Bg7 5. Nf3 O-O 6. e5 Nfd7 7. Bc4 c5 8. e6
Nb6 9. exf7+ Kh8 10. h4 Nxc4 11. h5 Bf5 12. hxg6 Bxg6 13. f5 Bxf7 14. Ng5 cxd4
15. Rxh7+ Kg8 16. Rxg7+ Kxg7 17. Qg4 Kf6 18. Nge4+ 1-0

[Event "Vancouver Open"]
[Site "Chess.com"]
[Date "2020.07.25"]
[Round "?"]
[White "Ramkumar, Aditya"]
[Black "Vega, Isaac"]
[Result "0-1"]
[WhiteElo "1452"]
[BlackElo "1972"]
[PlyCount "80"]
[EventDate "2020.??.??"]

1. Nf3 Nf6 2. g3 g6 3. Bg2 Bg7 4. d4 O-O 5. O-O d6 6. c4 Nbd7 7. Nc3 e5 8. e4
c6 9. d5 cxd5 10. cxd5 Nc5 11. Qc2 a5 12. h3 b6 13. Be3 Nfd7 14. Nh4 Ba6 15.
Rfd1 b5 16. Rac1 Rc8 17. Bxc5 Rxc5 18. Qd2 Nb6 19. Bf1 Nc4 20. Bxc4 Rxc4 21.
Nf3 b4 22. Na4 Rxe4 23. Re1 Rxe1+ 24. Nxe1 Bb5 25. Qc2 Bh6 26. Rd1 e4 27. b3 f5
28. Nb2 e3 29. Ned3 f4 30. Nxf4 Bxf4 31. gxf4 e2 32. Re1 Rxf4 33. Nd3 Qg5+ 34.
Kh1 Qxd5+ 35. Kh2 Bxd3 36. Qc8+ Rf8 37. Qg4 Rxf2+ 38. Kg1 Rf1+ 39. Kh2 Qh1+ 40.
Kg3 Qg1+ 0-1

[Event "Vancouver Open"]
[Site "Chess.com"]
[Date "2020.07.25"]
[Round "?"]
[White "Ramkumar, Aditya"]
[Black "Seshadri, Sridhar"]
[Result "1/2-1/2"]
[WhiteElo "1452"]
[BlackElo "1626"]
[PlyCount "96"]
[EventDate "2020.??.??"]

1. Nf3 Nf6 2. d4 d5 3. Bf4 e6 4. e3 Bd6 5. Bg3 Ne4 6. c3 O-O 7. Be2 Nd7 8. Nbd2
f5 9. Bxd6 cxd6 10. c4 Ndf6 11. O-O Nxd2 12. Qxd2 Ne4 13. Qc2 Bd7 14. cxd5 exd5
15. Qb3 Be6 16. Rac1 Qe7 17. Rc2 Rac8 18. Rfc1 Rxc2 19. Rxc2 h6 20. g3 g5 21.
Bd3 f4 22. Qa3 fxg3 23. Bxe4 gxh2+ 24. Kxh2 dxe4 25. Ne5 Rf6 26. d5 Bxd5 27.
Ng4 Rf8 28. Nxh6+ Kh7 29. Ng4 Be6 30. Ne5 g4 31. Kg3 Rf3+ 32. Nxf3 gxf3 33. Qa5
Qg7+ 34. Kh2 Qh6+ 35. Kg1 Qg6+ 36. Kf1 Qg2+ 37. Ke1 Qg1+ 38. Kd2 Qxf2+ 39. Kd1
Qg1+ 40. Qe1 Qg7 41. Qh4+ Kg6 42. Qxe4+ Bf5 43. Qe8+ Kg5 44. Rh2 Kf6 45. Qd8+
Ke5 46. Qe8+ Kf6 47. Qd8+ Ke6 48. Qe8+ Kf6 1/2-1/2

[Event "Vancouver Open"]
[Site "Chess.com"]
[Date "2020.07.25"]
[Round "?"]
[White "Raptis, Nick"]
[Black "Lee, Brian"]
[Result "1-0"]
[WhiteElo "2393"]
[BlackElo "1881"]
[PlyCount "79"]
[EventDate "2020.??.??"]

1. d4 Nf6 2. Nf3 g6 3. g3 Bg7 4. Bg2 d6 5. c4 O-O 6. Nc3 Nbd7 7. O-O e5 8. e4
c6 9. h3 Re8 10. Re1 exd4 11. Nxd4 Nc5 12. Qc2 a5 13. Be3 Nfd7 14. Rad1 h5 15.
Nb3 Qe7 16. Nxc5 Nxc5 17. Qd2 Be6 18. Qxd6 Qxd6 19. Rxd6 Na6 20. Bf1 Nb4 21.
Rd2 a4 22. a3 Bxc3 23. bxc3 Na6 24. Bb6 c5 25. Red1 Kg7 26. Kg2 Rac8 27. Rd6
Re7 28. f4 Nb8 29. e5 Nd7 30. Be2 g5 31. Bxh5 Nxb6 32. Rxb6 Bxc4 33. Bf3 Rcc7
34. h4 gxf4 35. gxf4 Rcd7 36. Rdd6 Rxd6 37. exd6 Rd7 38. Kg3 Kf6 39. Bxb7 Ke6
40. Bc8 1-0

[Event "Vancouver Open"]
[Site "Chess.com"]
[Date "2020.07.26"]
[Round "?"]
[White "Raptis, Nick"]
[Black "Whale, Nicholas"]
[Result "1/2-1/2"]
[WhiteElo "2393"]
[BlackElo "2065"]
[PlyCount "144"]
[EventDate "2020.??.??"]

1. c4 g6 2. Nc3 Bg7 3. d4 Nf6 4. e4 d6 5. Nf3 O-O 6. Be2 e5 7. O-O Nc6 8. d5
Ne7 9. Ne1 Nd7 10. Be3 f5 11. f3 f4 12. Bf2 g5 13. Rc1 Ng6 14. c5 Nf6 15. cxd6
cxd6 16. Nb5 Rf7 17. Qc2 Ne8 18. Nxa7 Bd7 19. Qb3 h5 20. a4 g4 21. Nb5 g3 22.
hxg3 fxg3 23. Bxg3 Qg5 24. f4 exf4 25. Bf2 Nh4 26. Bxh4 Qxh4 27. Nf3 Qg3 28.
Nbd4 Rxa4 29. Nf5 Rxf5 30. exf5 Re4 31. Bb5 Bxf5 32. Qc2 Bh3 33. Bxe8 Rxe8 34.
Qf2 Bg4 35. Rfe1 Rxe1+ 36. Qxe1 Qxe1+ 37. Rxe1 Bxb2 38. Re8+ Kf7 39. Rb8 Ba3
40. Rxb7+ Kf6 41. Rh7 Kf5 42. Re7 Kf6 43. Re8 Kf7 44. Re4 Bc1 45. Kf2 Bc8 46.
Ng5+ Kf6 47. Ne6 Kf5 48. Kf3 Bb7 49. Nxf4 Bxf4 50. Rxf4+ Ke5 51. Re4+ Kf5 52.
Rd4 Ke5 53. Ke3 Bxd5 54. g3 Be6 55. Ra4 d5 56. Ra7 Bf5 57. Re7+ Kf6 58. Re8 Bg6
59. Rd8 Ke5 60. Rg8 d4+ 61. Kf2 Kf6 62. Kf3 d3 63. Rd8 Ke5 64. Ke3 Bf5 65. Re8+
Kf6 66. Kf4 Bg4 67. Rd8 Be2 68. Rd6+ Ke7 69. Ke5 Kf7 70. Rd7+ Kg6 71. Kf4 Kf6
72. Rd6+ Ke7 1/2-1/2

[Event "Vancouver Open"]
[Site "Chess.com"]
[Date "2020.07.25"]
[Round "?"]
[White "Rodriguez, Odysseus"]
[Black "Hack, Don"]
[Result "1-0"]
[WhiteElo "1499"]
[BlackElo "1204"]
[PlyCount "75"]
[EventDate "2020.??.??"]

1. d4 d5 2. c4 c6 3. Nc3 Nf6 4. Nf3 e6 5. Bg5 Be7 6. e3 O-O 7. Qc2 h6 8. h4
Nbd7 9. O-O-O c5 10. g4 Nh7 11. Bxe7 Qxe7 12. g5 hxg5 13. hxg5 g6 14. cxd5 Nxg5
15. Nxg5 Qxg5 16. dxe6 fxe6 17. f4 Qf5 18. Bd3 Qf6 19. Qh2 Kf7 20. Qh7+ Ke8 21.
Bxg6+ Kd8 22. dxc5 Kc7 23. Be4 Rf7 24. Nb5+ Kb8 25. Qh8 Qxh8 26. Rxh8 Rf8 27.
Rxf8 Nxf8 28. Rd8 Nd7 29. Nd6 Kc7 30. Rxc8+ Rxc8 31. Nxc8 Kxc8 32. b4 Nf6 33.
Bf3 Kc7 34. Kc2 b6 35. Kc3 bxc5 36. bxc5 Nd5+ 37. Bxd5 exd5 38. f5 1-0

[Event "Vancouver Open"]
[Site "Chess.com"]
[Date "2020.07.26"]
[Round "?"]
[White "Rodriguez, Odysseus"]
[Black "Chen, Angela"]
[Result "1/2-1/2"]
[WhiteElo "1499"]
[BlackElo "1421"]
[PlyCount "107"]
[EventDate "2020.??.??"]

1. d4 d5 2. c4 e6 3. Nc3 Nf6 4. cxd5 exd5 5. Bg5 Be7 6. Qc2 Be6 7. e3 h6 8. Bh4
c6 9. Bd3 Nbd7 10. Nge2 Nb6 11. O-O O-O 12. b3 Re8 13. f3 Rc8 14. Nf4 Bd7 15.
Bf2 Bd6 16. Nfe2 Qc7 17. g3 Bh3 18. Rfe1 Nbd7 19. a3 Nf8 20. b4 a6 21. Kh1 Ne6
22. Ng1 Ng5 23. e4 dxe4 24. fxe4 Ng4 25. e5 Nxf2+ 26. Qxf2 Be7 27. Nxh3 Nxh3
28. Qf5 Ng5 29. Rf1 Bf8 30. h4 g6 31. Qg4 Nh7 32. h5 Rcd8 33. hxg6 fxg6 34.
Bc4+ Kg7 35. Rf7+ Qxf7 36. Bxf7 Kxf7 37. Rf1+ Kg7 38. e6 Re7 39. Rf7+ Rxf7 40.
exf7 Kxf7 41. Qf4+ Ke7 42. Qe5+ Kd7 43. Ne4 Re8 44. Nf6+ Nxf6 45. Qxf6 Kc8 46.
Qxg6 Rd8 47. Kg2 Kb8 48. Qf6 Kc8 49. g4 Re8 50. Qf7 Rd8 51. Kf3 Kb8 52. Ke4 Kc8
53. Ke5 Kb8 54. Ke6 1/2-1/2

[Event "Vancouver Open"]
[Site "Chess.com"]
[Date "2020.07.25"]
[Round "?"]
[White "Ruff, Lois"]
[Black "Rodriguez, Odysseus"]
[Result "0-1"]
[WhiteElo "1027"]
[BlackElo "1499"]
[PlyCount "78"]
[EventDate "2020.??.??"]

1. e4 c6 2. d4 d5 3. e5 Bf5 4. Nf3 e6 5. Bg5 Qb6 6. Qc1 Nd7 7. c3 h6 8. Bh4 Ne7
9. Nbd2 c5 10. dxc5 Nxc5 11. Nd4 Bh7 12. Bb5+ Nc6 13. b4 Nd3+ 14. Bxd3 Bxd3 15.
Nxc6 Qxc6 16. a4 Rc8 17. b5 Qxc3 18. Qxc3 Rxc3 19. Bg3 Bb4 20. Kd1 Ke7 21. Bf4
Rhc8 22. Be3 Ra3 23. Rxa3 Bxa3 24. Nb3 Bc2+ 25. Kd2 Bxb3 26. Bxa7 Bb4+ 27. Ke3
Bxa4 28. b6 Bb5 29. f4 Rc3+ 30. Kf2 Bc5+ 31. Ke1 Rc1+ 32. Kd2 Rxh1 33. h3 Kd7
34. Bb8 Bxb6 35. Bd6 Kc6 36. Bf8 Rh2 37. Ke1 Rxg2 38. h4 Be3 39. Bb4 Rg1# 0-1

[Event "Vancouver Open"]
[Site "Chess.com"]
[Date "2020.07.26"]
[Round "?"]
[White "Seshadri, Sridhar"]
[Black "Vemparala, Nikash"]
[Result "1/2-1/2"]
[WhiteElo "1626"]
[BlackElo "1684"]
[PlyCount "169"]
[EventDate "2020.??.??"]

1. e4 e5 2. Nf3 Nc6 3. Bb5 Nf6 4. O-O Nxe4 5. Re1 Nd6 6. Bxc6 dxc6 7. Rxe5+ Be7
8. Qe1 Bg4 9. d3 f6 10. Re3 Nf5 11. Re4 Bxf3 12. gxf3 Nd4 13. Qd1 O-O 14. c3
Nf5 15. Bf4 Nd6 16. Re6 f5 17. Qe2 Bg5 18. Qd2 Bxf4 19. Qxf4 Rf6 20. Rxf6 Qxf6
21. Nd2 Re8 22. Nf1 Re2 23. Ng3 Rxb2 24. d4 Rb6 25. Kh1 Nb5 26. Rg1 g6 27. Nxf5
Kh8 28. c4 Qxf5 29. Qxf5 gxf5 30. cxb5 cxb5 31. Re1 Kg8 32. Re7 Rc6 33. Re5 a6
34. Rxf5 Rc2 35. Rd5 Rxf2 36. Rd8+ Kg7 37. Rd7+ Kg6 38. Rxc7 Rxf3 39. Rxb7 Ra3
40. Rb6+ Kf7 41. Rb7+ Ke6 42. Rxh7 Rxa2 43. h4 Ra4 44. h5 Rxd4 45. Rh6+ Kf7 46.
Rxa6 Rh4+ 47. Kg2 Rxh5 48. Rb6 Ke7 49. Kf3 Kd7 50. Ke4 Kc7 51. Rg6 b4 52. Kd3
Rb5 53. Kc2 Rb6 54. Rg4 Kc6 55. Kb3 Kc5 56. Rg5+ Kd4 57. Rg4+ Kc5 58. Rc4+ Kd5
59. Rxb4 Rc6 60. Rb5+ Kd4 61. Rh5 Ke3 62. Kb4 Kd4 63. Rh4+ Ke5 64. Kb5 Rf6 65.
Rc4 Rf7 66. Rc5+ Kd6 67. Rc6+ Kd5 68. Rc5+ Kd4 69. Rc4+ Kd3 70. Rc8 Rf5+ 71.
Kb4 Rf1 72. Rd8+ Ke4 73. Re8+ Kd5 74. Rd8+ Ke6 75. Rd4 Rf7 76. Kc3 Ke5 77. Rd8
Rc7+ 78. Kd3 Rc1 79. Ke3 Re1+ 80. Kf3 Kf6 81. Rd5 Ra1 82. Kf4 Ra4+ 83. Kf3 Ke6
84. Rb5 Kf6 85. Ke3 1/2-1/2

[Event "Vancouver Open"]
[Site "Chess.com"]
[Date "2020.07.26"]
[Round "?"]
[White "Seshadri, Sridhar"]
[Black "Wong-Godfrey, Emerson"]
[Result "1-0"]
[WhiteElo "1626"]
[BlackElo "1114"]
[PlyCount "61"]
[EventDate "2020.??.??"]

1. c4 Nf6 2. Nc3 c6 3. g3 g6 4. Bg2 Bg7 5. Nf3 O-O 6. O-O e6 7. d4 d5 8. b3 Na6
9. Bg5 h6 10. Bc1 Nc7 11. Ba3 Re8 12. Ne5 Nh7 13. f4 f6 14. Nxg6 Rb8 15. Rc1 e5
16. dxe5 d4 17. Ne4 fxe5 18. fxe5 Bxe5 19. Nxe5 Rxe5 20. Bb2 c5 21. Qd2 Bf5 22.
Qxh6 Rxe4 23. Rxf5 Re6 24. Qf4 Rxe2 25. Qg4+ Kh8 26. Qxe2 Qd7 27. Qe5+ Kg8 28.
Rcf1 Re8 29. Bd5+ Ne6 30. Rf7 Qc8 31. Bxe6 1-0

[Event "Vancouver Open"]
[Site "Chess.com"]
[Date "2020.07.25"]
[Round "?"]
[White "Seshadri, Sridhar"]
[Black "Singh, Hersh"]
[Result "0-1"]
[WhiteElo "1626"]
[BlackElo "2129"]
[PlyCount "90"]
[EventDate "2020.??.??"]

1. c4 e6 2. Nc3 d5 3. Nf3 Nf6 4. e3 c6 5. Be2 Bd6 6. h3 O-O 7. O-O a6 8. d4
dxc4 9. Bxc4 b5 10. Bd3 Bb7 11. Ne4 Nxe4 12. Bxe4 Nd7 13. Bd2 Nf6 14. Bd3 c5
15. dxc5 Bxc5 16. Bc3 Nd5 17. Bd4 Bxd4 18. exd4 Nf4 19. Qd2 Qf6 20. Kh2 Kh8 21.
Ne5 Bxg2 22. Rg1 Qh4 23. Qe3 Bxh3 24. Qg3 Qxg3+ 25. Rxg3 Nxd3 26. Nxd3 Bf5 27.
Nc5 Rfd8 28. Rd1 Rd5 29. b4 a5 30. a3 axb4 31. axb4 Rad8 32. Ra3 g6 33. Ra7 Kg7
34. Re1 Kg8 35. Rb7 Rxd4 36. Rxb5 Rh4+ 37. Kg3 Rg4+ 38. Kf3 Rdd4 39. Rb8+ Kg7
40. Rb7 Rdf4+ 41. Ke2 Rxb4 42. Rd7 Rgf4 43. Rd2 Rbc4 44. Ke3 Rfe4+ 45. Nxe4
Rxe4+ 0-1

[Event "Vancouver Open"]
[Site "Chess.com"]
[Date "2020.07.25"]
[Round "?"]
[White "Shahinyan, David"]
[Black "McConnell, Sullivan"]
[Result "1-0"]
[WhiteElo "2506"]
[BlackElo "2224"]
[PlyCount "57"]
[EventDate "2020.??.??"]

1. e4 e5 2. Nf3 Nc6 3. Be2 Nf6 4. d3 d6 5. O-O h6 6. c3 Be7 7. Nbd2 g5 8. Nc4
b5 9. Ne3 a6 10. Re1 Bd7 11. d4 Nxe4 12. dxe5 dxe5 13. Nxe5 Nxe5 14. Qd5 Bd6
15. Qxe4 Bc6 16. Qf5 Qd7 17. Qf6 Rg8 18. Ng4 Rg6 19. Nxe5 Rxf6 20. Nxd7 Kxd7
21. Bg4+ Kd8 22. Be3 a5 23. Rad1 Ra6 24. g3 Bd7 25. Bd4 Rg6 26. Bh5 Rg8 27.
Bxf7 Rf8 28. Bd5 Be7 29. Bg7 1-0

[Event "Vancouver Open"]
[Site "Chess.com"]
[Date "2020.07.25"]
[Round "?"]
[White "Shahinyan, David"]
[Black "Tien, Sophie"]
[Result "1-0"]
[WhiteElo "2506"]
[BlackElo "1916"]
[PlyCount "89"]
[EventDate "2020.??.??"]

1. e4 e5 2. Nf3 Nc6 3. d4 exd4 4. Nxd4 Bc5 5. Nb3 Bb6 6. Nc3 d6 7. Qe2 h6 8.
Be3 Nf6 9. O-O-O Qe7 10. f3 Bd7 11. g3 O-O-O 12. Bg2 Ne5 13. Bxb6 axb6 14. Nd4
Kb8 15. Rhe1 Rhe8 16. h3 g6 17. f4 Nc6 18. Ndb5 Na7 19. Nxc7 Kxc7 20. e5 dxe5
21. fxe5 Bc6 22. Bxc6 bxc6 23. exf6 Rxd1+ 24. Kxd1 Qd6+ 25. Qd3 Rxe1+ 26. Kxe1
Qxf6 27. Qe3 h5 28. a4 Nc8 29. b4 Qe7 30. Qxe7+ Nxe7 31. Ke2 Nf5 32. Ne4 Nd4+
33. Kd3 Ne6 34. Nf6 c5 35. c3 cxb4 36. cxb4 Kd6 37. Kc4 Kc6 38. b5+ Kd6 39. Nd5
f5 40. Nxb6 Kc7 41. Nd5+ Kb7 42. Nf4 Nxf4 43. gxf4 g5 44. fxg5 f4 45. Kd3 1-0

[Event "Vancouver Open"]
[Site "Chess.com"]
[Date "2020.07.26"]
[Round "?"]
[White "Shahinyan, David"]
[Black "Raptis, Nick"]
[Result "1-0"]
[WhiteElo "2506"]
[BlackElo "2393"]
[PlyCount "101"]
[EventDate "2020.??.??"]

1. e4 c6 2. d4 d5 3. exd5 cxd5 4. Bd3 Nc6 5. c3 Nf6 6. Bf4 g6 7. Nf3 Bg7 8. O-O
O-O 9. h3 Bf5 10. Ne5 Bxd3 11. Nxd3 e6 12. Nd2 b6 13. Re1 a5 14. a4 Re8 15. Ne5
Nxe5 16. Bxe5 Nd7 17. Bg3 Nf6 18. Be5 Nd7 19. Bf4 e5 20. dxe5 Bxe5 21. Bxe5
Rxe5 22. Rxe5 Nxe5 23. Qe2 Qc7 24. Rd1 Rd8 25. Nf3 Nxf3+ 26. Qxf3 Qe5 27. Rd4
Rd6 28. Qd1 Qe8 29. g3 b5 30. Rxd5 Rxd5 31. Qxd5 bxa4 32. Qxa5 Qe1+ 33. Kg2
Qe4+ 34. Kh2 Qc2 35. Qd8+ Kg7 36. Qd4+ Kg8 37. c4 h5 38. h4 Kh7 39. c5 g5 40.
hxg5 Kg6 41. Qf6+ Kh7 42. Qxf7+ Kh8 43. Qf6+ Kg8 44. c6 a3 45. bxa3 h4 46. gxh4
Qe4 47. Kg3 Qd3+ 48. f3 Qd1 49. Qe6+ Kh8 50. Qc8+ Kh7 51. Qd7+ 1-0

[Event "Vancouver Open"]
[Site "Chess.com"]
[Date "2020.07.25"]
[Round "?"]
[White "Shanmugam, Meera"]
[Black "Brown, Northern"]
[Result "0-1"]
[WhiteElo "1224"]
[BlackElo "1480"]
[PlyCount "92"]
[EventDate "2020.??.??"]

1. e4 g6 2. d4 Bg7 3. Nf3 d6 4. Bc4 Nf6 5. Nc3 O-O 6. O-O c6 7. Re1 b5 8. Bd3
Nbd7 9. a3 a6 10. b4 c5 11. bxc5 dxc5 12. Be3 Ng4 13. h3 Nxe3 14. fxe3 Nb6 15.
Be2 Bb7 16. Rb1 Qc7 17. Qd2 Rac8 18. d5 Rfd8 19. Na2 e6 20. Qc1 exd5 21. exd5
Bxd5 22. c4 Bxc4 23. Bxc4 Nxc4 24. Nc3 Rd3 25. Ne2 Nxa3 26. Rb2 Bxb2 27. Qxb2
Nc4 28. Qc1 Rxe3 29. Kf1 Rce8 30. Qc2 Rxf3+ 31. Kg1 Rfe3 32. Qd1 Qe7 33. Kf1
Rxe2 34. Rxe2 Qxe2+ 35. Qxe2 Rxe2 36. Kxe2 a5 37. Kd3 a4 38. Kc3 a3 39. Kb3 b4
40. Ka2 Nd2 41. g3 c4 42. h4 c3 43. h5 c2 44. h6 c1=Q 45. g4 f5 46. g5 Qb2# 0-1

[Event "Vancouver Open"]
[Site "Chess.com"]
[Date "2020.07.26"]
[Round "?"]
[White "Shanmugam, Meera"]
[Black "Li, David"]
[Result "0-1"]
[WhiteElo "1224"]
[BlackElo "1344"]
[PlyCount "58"]
[EventDate "2020.??.??"]

1. e4 c5 2. Nf3 Nc6 3. d4 cxd4 4. Nxd4 g6 5. Nc3 Bg7 6. Be3 Nf6 7. f3 O-O 8.
Bc4 Qb6 9. Bb3 Nxe4 10. Nd5 Qa5+ 11. c3 Nf6 12. Nxc6 dxc6 13. Nxe7+ Kh8 14.
Nxc8 Raxc8 15. O-O Rcd8 16. Qe2 Kg8 17. Rfe1 Nd5 18. Bxd5 Rxd5 19. Qf2 b6 20.
a3 Rfd8 21. Rac1 Bf8 22. c4 R5d7 23. Bg5 Qxg5 24. Rc2 Bc5 25. b4 Bxf2+ 26. Rxf2
Rd1 27. Ref1 Qe3 28. h3 Rxf1+ 29. Kxf1 Rd1# 0-1

[Event "Vancouver Open"]
[Site "Chess.com"]
[Date "2020.07.25"]
[Round "?"]
[White "Shubin, Daniel"]
[Black "Wu, William"]
[Result "1-0"]
[WhiteElo "2161"]
[BlackElo "1854"]
[PlyCount "83"]
[EventDate "2020.??.??"]

1. e4 e5 2. Nf3 Nc6 3. Bc4 Bc5 4. c3 Nf6 5. d4 exd4 6. cxd4 Bb4+ 7. Bd2 Nxe4 8.
Bxb4 Nxb4 9. Bxf7+ Kxf7 10. Qb3+ d5 11. Ne5+ Ke6 12. Qxb4 Qf8 13. Qxf8 Rxf8 14.
O-O c6 15. f3 Nf6 16. Re1 Kd6 17. Nc3 b6 18. Re3 Bb7 19. Rae1 Rae8 20. b4 a6
21. a3 Kc7 22. h3 Re7 23. Na4 Rfe8 24. Kf2 Re6 25. Nxb6 Kxb6 26. Nd7+ Nxd7 27.
Rxe6 Rxe6 28. Rxe6 Kb5 29. Re7 Bc8 30. Rxg7 Ka4 31. Rxh7 Kxa3 32. Rh6 Bb7 33.
Rd6 Nb6 34. h4 Kxb4 35. h5 a5 36. h6 a4 37. h7 a3 38. h8=Q a2 39. Qh1 Kb3 40.
Re6 Na4 41. Re3+ Nc3 42. Qa1 1-0

[Event "Vancouver Open"]
[Site "Chess.com"]
[Date "2020.07.26"]
[Round "?"]
[White "Shubin, Daniel"]
[Black "Vijayakumar, Advaith"]
[Result "1-0"]
[WhiteElo "2161"]
[BlackElo "2026"]
[PlyCount "157"]
[EventDate "2020.??.??"]

1. e4 c5 2. Nf3 Nc6 3. d4 cxd4 4. Nxd4 Nf6 5. Nc3 d6 6. Be3 Ng4 7. Bb5 Nxe3 8.
Nxc6 Nxd1 9. Nxd8+ Kxd8 10. Rxd1 e6 11. O-O a6 12. Be2 Kc7 13. Rd4 Bd7 14. Rfd1
Bc6 15. a4 Be7 16. Bh5 g6 17. Bf3 Rhd8 18. a5 Rac8 19. Na4 Bxa4 20. Rxa4 Kb8
21. c3 Rc5 22. Kf1 Rd7 23. Rd3 Bd8 24. b4 Rc4 25. Ke2 Bf6 26. Kd2 Rdc7 27. Ra3
Be5 28. g3 Kc8 29. Bg2 Bf6 30. Rb3 Be5 31. f4 Bf6 32. Re3 Bd4 33. Rd3 Bf6 34.
Bf3 Bg7 35. Re3 Bf6 36. Be2 R4c6 37. c4 Bg7 38. Rb1 Kd7 39. Rf3 Ke7 40. Rff1
Rc8 41. Rfc1 Bh6 42. Rc3 R8c7 43. Rbb3 Bg7 44. Rc2 Kd7 45. Kd3 Kc8 46. Bf3 Kb8
47. Rb1 Rc8 48. Rbc1 R6c7 49. Rd1 Bf6 50. Be2 Rc6 51. Ke3 Bg7 52. Rcd2 Bf8 53.
Rb1 Ka7 54. Rdb2 R8c7 55. Bd3 Bg7 56. b5 Bxb2 57. Rxb2 Rxc4 58. b6+ Ka8 59.
bxc7 Rxc7 60. Rb6 Rd7 61. Kd4 d5 62. e5 Rc7 63. Rd6 Ka7 64. g4 h5 65. gxh5 gxh5
66. f5 exf5 67. Bxf5 Rc4+ 68. Kxd5 Ra4 69. Rd7 Rxa5+ 70. Kd6 f6 71. exf6 Rxf5
72. Ke6 Rf2 73. f7 Rxh2 74. f8=Q Re2+ 75. Kd6 Rd2+ 76. Kc7 Rc2+ 77. Kd8 Kb8 78.
Qd6+ Ka8 79. Qb6 1-0

[Event "Vancouver Open"]
[Site "Chess.com"]
[Date "2020.07.26"]
[Round "?"]
[White "Singh, Hersh"]
[Black "Tien, Sophie"]
[Result "1-0"]
[WhiteElo "2129"]
[BlackElo "1916"]
[PlyCount "89"]
[EventDate "2020.??.??"]

1. d4 d5 2. c4 e6 3. Nf3 Nf6 4. g3 Nbd7 5. Bg2 c6 6. O-O Bd6 7. Nfd2 O-O 8. Nc3
Re8 9. e4 dxe4 10. Ndxe4 Bc7 11. Re1 h6 12. b3 Nxe4 13. Nxe4 Nf6 14. Bb2 e5 15.
dxe5 Qxd1 16. Raxd1 Nxe4 17. Bxe4 Be6 18. f4 Rad8 19. Bf3 Rxd1 20. Rxd1 Rd8 21.
Rxd8+ Bxd8 22. Bd4 a6 23. Kf2 f5 24. exf6 Bxf6 25. Ke3 Kf7 26. Bxf6 gxf6 27.
Kd4 Ke7 28. Kc5 Kd7 29. Kb6 Kc8 30. Be4 Kb8 31. Bd3 Kc8 32. a4 Bd7 33. Be2 Be6
34. g4 Kb8 35. h4 Kc8 36. g5 hxg5 37. fxg5 fxg5 38. hxg5 Bf5 39. Bh5 Be6 40. g6
Bg8 41. g7 Kb8 42. Bg4 Bf7 43. Bf5 Bg8 44. a5 c5 45. Be4 1-0

[Event "Vancouver Open"]
[Site "Chess.com"]
[Date "2020.07.25"]
[Round "?"]
[White "Singh, Hersh"]
[Black "McClain, Jack"]
[Result "0-1"]
[WhiteElo "2129"]
[BlackElo "1783"]
[PlyCount "82"]
[EventDate "2020.??.??"]

1. d4 e6 2. c4 f5 3. Nf3 Nf6 4. g3 g6 5. Bg2 Bg7 6. O-O O-O 7. Nc3 Ne4 8. Qc2
d5 9. Bf4 c6 10. Be5 Nd7 11. Bxg7 Kxg7 12. e3 Ndf6 13. Ne2 g5 14. Nc1 dxc4 15.
Ne5 Qe8 16. Nxc4 g4 17. Nd3 Ng5 18. Nf4 Nd5 19. Bxd5 exd5 20. Ne5 Rf6 21. b4
Rh6 22. b5 Qxe5 23. h4 Qe4 24. Qxe4 Nxe4 25. Rfc1 Bd7 26. Nd3 Rd6 27. Ne5 Rc8
28. Rab1 Nd2 29. Rb2 Nf3+ 30. Nxf3 gxf3 31. b6 a6 32. Rc5 Kf7 33. a4 Rg8 34.
Kh2 Re6 35. a5 Re4 36. Rd2 f4 37. exf4 Re2 38. Rcc2 Rge8 39. Kg1 Bh3 40. Kh2
Bg2 41. Kg1 Re1+ 0-1

[Event "Vancouver Open"]
[Site "Chess.com"]
[Date "2020.07.25"]
[Round "?"]
[White "Singh, Hersh"]
[Black "Lee, Brian"]
[Result "1-0"]
[WhiteElo "2129"]
[BlackElo "1881"]
[PlyCount "53"]
[EventDate "2020.??.??"]

1. d4 Nf6 2. c4 g6 3. g3 Bg7 4. Bg2 O-O 5. Nc3 d6 6. Nf3 Nbd7 7. O-O e5 8. e4
c6 9. h3 Re8 10. Be3 exd4 11. Nxd4 Nc5 12. Qc2 a5 13. Rad1 Nfd7 14. b3 Nf8 15.
Nxc6 bxc6 16. Bxc5 Be5 17. f4 Qc7 18. Ba3 Qa7+ 19. Kh2 Bd4 20. Bxd6 Bg7 21. Na4
Ne6 22. Qf2 Bd4 23. Qf3 Bg7 24. Ba3 Nd4 25. Qf2 Rd8 26. Bc5 Qd7 27. Nb6 1-0

[Event "Vancouver Open"]
[Site "Chess.com"]
[Date "2020.07.25"]
[Round "?"]
[White "Smith, Catherine"]
[Black "Wang, Ted"]
[Result "1-0"]
[WhiteElo "1522"]
[BlackElo "779"]
[PlyCount "109"]
[EventDate "2020.??.??"]

1. e4 c5 2. Nf3 Nc6 3. Nc3 e6 4. d4 cxd4 5. Nxd4 Nf6 6. Nxc6 bxc6 7. Bg5 Be7 8.
Bd3 O-O 9. O-O Nxe4 10. Bxe7 Nxc3 11. Bxd8 Nxd1 12. Be7 Nxb2 13. Bxf8 Nxd3 14.
cxd3 Kxf8 15. Rfb1 Ba6 16. Rb3 Ke7 17. Rab1 Rc8 18. Kf1 e5 19. Ke1 Ke6 20. Kd2
d5 21. Ra3 Bb5 22. Rxa7 e4 23. d4 Bd3 24. Rbb7 c5 25. Re7+ Kd6 26. Rad7+ Kc6
27. dxc5 Ra8 28. Ra7 Rxa7 29. Rxa7 Kxc5 30. Rxf7 Bb1 31. a3 Kd6 32. Rxg7 Kc5
33. Rb7 Bd3 34. a4 Kc4 35. a5 Kc5 36. Kc3 d4+ 37. Kd2 Bc4 38. Rc7+ Kb5 39. Rxc4
Kxc4 40. a6 Kb5 41. a7 Kb6 42. a8=Q e3+ 43. fxe3 dxe3+ 44. Kxe3 Kc5 45. Qe4 Kd6
46. Qf5 Kc6 47. Qe5 Kb6 48. Qd5 Ka6 49. Qc5 h6 50. h4 Kb7 51. Qd6 Ka8 52. Qd7
Kb8 53. Kd4 Ka8 54. Kc5 Kb8 55. Kb6 1-0

[Event "Vancouver Open"]
[Site "Chess.com"]
[Date "2020.07.26"]
[Round "?"]
[White "Smith, Catherine"]
[Black "Kaur, Jind"]
[Result "1/2-1/2"]
[WhiteElo "1522"]
[BlackElo "1336"]
[PlyCount "77"]
[EventDate "2020.??.??"]

1. e4 c5 2. Nf3 Nc6 3. Bc4 g6 4. d4 cxd4 5. Nxd4 Bg7 6. Nxc6 bxc6 7. O-O Nf6 8.
Nc3 O-O 9. Bg5 Bb7 10. Qd2 d5 11. exd5 cxd5 12. Bxf6 Bxf6 13. Bb3 e6 14. Rfe1
Bg7 15. Rad1 Qc7 16. Nb5 Qc6 17. Nd4 Qb6 18. c3 Rad8 19. Nf3 Qc7 20. Qg5 Qd6
21. Nd4 a6 22. Re3 Rfe8 23. h3 Qf8 24. Rg3 Qd6 25. h4 Be5 26. Rh3 Bf4 27. Qf6
Be5 28. Qg5 Bf4 29. Qf6 Be5 30. Qf3 Bg7 31. h5 Rf8 32. h6 Bh8 33. Rg3 Be5 34.
Rh3 Bc8 35. Qd3 Bh8 36. Rg3 Be5 37. Rh3 Bh8 38. Rg3 Be5 39. Rh3 1/2-1/2